El ciclo del tanino en Argentina (Registro nro. 27170)

Detalles MARC
000 -LEADER
fixed length control field 00340 a2200109 4500
001 - CONTROL NUMBER
control field ART_14295
005 - DATE AND TIME OF LATEST TRANSACTION
control field 20260410161915.0
008 - FIXED-LENGTH DATA ELEMENTS--GENERAL INFORMATION
fixed length control field 260409a
100 1# - MAIN ENTRY--PERSONAL NAME
Personal name Romero, Luis Alberto
245 10 - TITLE STATEMENT
Title El ciclo del tanino en Argentina
773 0# - HOST ITEM ENTRY
Title Revista Paraguaya de Sociología
Related parts - Año 14, Nº 38 (ene./abr. 1977)
Record control number REV13424

No hay ítems disponibles.